Welcome to the Holygrace Academy Library

Please use search bar below to get started

THE GOLDEN MOUNTAIN AND OTHER STORIES (Record no. 2853)

MARC details
000 -LEADER
fixed length control field 00452nam a22001577a 4500
020 ## - INTERNATIONAL STANDARD BOOK NUMBER
ISBN 978-81-264-3083-3
082 ## - DEWEY DECIMAL CLASSIFICATION NUMBER
Classification number 823
Item number ALL/G
100 ## - MAIN ENTRY--AUTHOR NAME
Personal name ALLIEW, SHANE, J
245 ## - TITLE STATEMENT
Title THE GOLDEN MOUNTAIN AND OTHER STORIES
Remainder of title RUSSIAN FOLK STORIES
246 ## - VARYING FORM OF TITLE
Title proper/short title THE GOLDEN MOUNTAIN AND OTHER STORIES
Remainder of title RUSSIAN FOLK STORIES
260 ## - PUBLICATION, DISTRIBUTION, ETC. (IMPRINT)
Place of publication KOTTAYAM
Name of publisher DC BOOKS
Year of publication 2016
300 ## - PHYSICAL DESCRIPTION
Number of Pages 64
520 ## - SUMMARY, ETC.
Summary, etc RUSSIAN FOLK STORIES
650 ## - SUBJECT ADDED ENTRY--TOPICAL TERM
Topical Term RUSSIAN FOLK STORIES
942 ## - ADDED ENTRY ELEMENTS (KOHA)
Koha item type Books
Holdings
Withdrawn status Lost status Collection code Home library Current library Shelving location Date acquired Source of acquisition Cost, normal purchase price Full call number Accession Number Koha item type
    Fiction Main Library Main Library SHELF 4-F ENGLISH CLASSICS 24/01/2019 Purchase 95.00 823 ALL/G 10607 Books